000 00245nam a2200097Ia 4500
001 920727
005 20250826191413.0
008 250824s9999 xx 000 0 und d
245 0 _aSELÇUK BEY
_cAHMET HALDUN TERZİOĞLU
260 _bPANAMA YAYINLARI
999 _c920727
_d920727